Musicians by Clues - Statistics

General Stats
  • This quiz has been taken 48 times
  • The average score is 9 of 15
Answer Stats
Hint Answer % Correct
Rocket Man, Nikita, Hakuna Matata Elton John
95%
Hannah, Twerking, Flowers Miley Cyrus
84%
Barbados, Fenty, Umberella Rihanna
84%
Rehab, Blake, Grammy Amy Winehouse
73%
Super Bowl, Boo-Boo, SexyBack Justin Timberlake
70%
World Cup, Whenever, Barranquilla Shakira
70%
The Voice, Bodyguard, Beverley Whitney Houston
70%
Astronaut, Kiss, Firework Katy Perry
68%
Philadelphia, The Boss, Heartland Bruce Springsteen
61%
Stardust, Labirinth, Blackstar David Bowie
59%
Crazy, Kiss From a Rose, Lupus Seal
50%
Beats, Compton, Aftermath Dr. Dre
45%
Quiet One, Hindu, Guitar George Harrison
41%
Ireland, Pope, Muslim Sinéad O'Connor
39%
Computer, Creep, Melanocholy Thom Yorke
34%
No matching quizzes found
Score Distribution
Percent of People with Each Score
Percentile by Number Answered
Your Score History
You have not taken this quiz